000 00511nam a22001697a 4500
999 _c41051
_d41051
003 OSt
005 20210303151325.0
008 210303b ||||| |||| 00| 0 eng d
020 _a9789388292207
040 _coclc
082 _a959
_bDUT/M
100 _98504
_aDutta, Abhijit
245 _aMyanmar In The World :
_bJourneys Through A Changing Burma /
_cAbhijit Dutta
260 _aNew Delhi:
_bAleph Book Company,
_c2018.
300 _a341p
942 _2ddc
_cBK
_h959
_iDUT/M
_k959
_mDUT/M